000 00628cam a22002171 4500
001 af 48003639
003 DLC
005 20260227110903.0
008 890605s1946 ne 000 0 dut c
010 _aaf 48003639
035 _a(OCoLC)19819425
040 _aCalifornia. Univ. Libr.
_cCU
_dCU
_dDLC
042 _apremarc
050 0 0 _aPT5484
_b.Z4
100 1 _aZeeuw, P. de,
_eed.
245 1 0 _aLeed en lied,
_bkeur uit de verzetspoëzie.
260 _aAmsterdam,
_bH.A. van Bottenburg,
_c1946.
300 _a71 p.
_c21 cm.
651 0 _aNetherlands
_xHistory
_yGerman occupation, 1940-1945
_vPoetry.
650 0 _aDutch poetry.
999 _c5693
_d5693